MDQL
is popping MORE tags! Check the
thread
!
Quizzes
Events
Quiz Creation
Community
Videos
Private Events
Remove Ads
Sign In
Join for FREE
Feedback
Dark Mode
Quiz Categories
Sports
Geography
Music
Movies
Television
Just For Fun
Miscellaneous
History
Literature
Language
Science
Gaming
Entertainment
Religion
Holiday
For Kids
Quiz Lab
Recent
Popular Today
Quiz Kudos Today
Editor Picks
Curator Picks
Quizzes by...
Day
Popularity
Type
Ratings
Length
Year
Community
Subscriptions
Recent Discussions
Orange Saloon
Badges
Playlists
Quests
Create
Leaderboards
Showdown
Live 5
Trivia Bingo
Activity
Puzzle Library
Sporcle Events
Private Events
Virtual Trivia
Globe League
Become a Host
Pub Owners
SporcleCon
Opinionation
Our Games
Videos
Blog
Mobile Apps
Partnerships
Remove Ads and Go Orange
Feedback
Sports
Athletes
MLB
NBA
NHL
NFL
Soccer
Sports Teams
WWE
NCAA
Football
Premier League
Basketball
Baseball
Hockey
Golf
Tennis
Cricket
Rugby
Auto Racing
Olympics
World Cup
Sports
Athletes
MLB
NBA
NHL
NFL
Soccer
Sports Teams
WWE
NCAA
Football
Premier League
Basketball
Baseball
Hockey
Golf
Tennis
Cricket
Rugby
Auto Racing
Olympics
World Cup
Random Quiz
Search Sporcle
×
Quiz Lab
Quiz Lab
Sports
Football
Type in answers that appear in a list
Type in answers that appear in a list
Classic
Best Score? Go Orange.
Opening Day Lineups 1951-70: Reds Stats
Can you name the Cincinnati Reds opening day lineups from 1951 to 1970?
By
lineupquizzes
14m
180 Questions
1,693 Plays
1,693 Plays
1,693 Plays
Comments
Comments
Give Quiz Kudos
Give Quiz Kudos
-
- Ratings
hide this ad
Replay
Link that replays current quiz
Next Quiz
Link to next quiz in quiz playlist
You Got
0%
They Got
Avg Score
72%
Avg Friend Score
Upgrade to see
Score Distribution
Jump to the score distribution portion of the page
Score
0/180
Timer
14:00
0
Plays Today
Year
Player
% Correct
1963
Pete Rose
96.6%
1964
Pete Rose
96.6%
1965
Pete Rose
96.6%
1966
Pete Rose
96.6%
1967
Pete Rose
96.6%
1968
Pete Rose
96.6%
1969
Pete Rose
96.6%
1970
Pete Rose
96.6%
1969
Johnny Bench
96.2%
1970
Johnny Bench
96.2%
1967
Tony Perez
95%
1968
Tony Perez
95%
1969
Tony Perez
95%
1970
Tony Perez
95%
1956
Frank Robinson
94.9%
1957
Frank Robinson
94.9%
1958
Frank Robinson
94.9%
1959
Frank Robinson
94.9%
1960
Frank Robinson
94.9%
1961
Frank Robinson
94.9%
1962
Frank Robinson
94.9%
1963
Frank Robinson
94.9%
1964
Frank Robinson
94.9%
1965
Frank Robinson
94.9%
1958
Vada Pinson
91.4%
1959
Vada Pinson
91.4%
1960
Vada Pinson
91.4%
1961
Vada Pinson
91.4%
1962
Vada Pinson
91.4%
1963
Vada Pinson
91.4%
1964
Vada Pinson
91.4%
1965
Vada Pinson
91.4%
1966
Vada Pinson
91.4%
1967
Vada Pinson
91.4%
1968
Vada Pinson
91.4%
1951
Ted Kluszewski
90.6%
1952
Ted Kluszewski
90.6%
1953
Ted Kluszewski
90.6%
1954
Ted Kluszewski
90.6%
1955
Ted Kluszewski
90.6%
1956
Ted Kluszewski
90.6%
1957
Ted Kluszewski
90.6%
1968
Lee May
88.8%
1969
Lee May
88.8%
1970
Lee May
88.8%
1970
Dave Concepcion
87.1%
1968
Alex Johnson
87%
1969
Alex Johnson
87%
1965
Deron Johnson
86.9%
1966
Deron Johnson
86.9%
1967
Deron Johnson
86.9%
1966
Tommy Helms
85.7%
1967
Tommy Helms
85.7%
1968
Tommy Helms
85.7%
1969
Tommy Helms
85.7%
1970
Tommy Helms
85.7%
1953
Gus Bell
84.5%
1954
Gus Bell
84.5%
1955
Gus Bell
84.5%
1956
Gus Bell
84.5%
Year
Player
% Correct
1957
Gus Bell
84.5%
1958
Gus Bell
84.5%
1959
Gus Bell
84.5%
1960
Gus Bell
84.5%
1969
Bobby Tolan
83%
1970
Bobby Tolan
83%
1964
Jim Maloney
80.4%
1967
Jim Maloney
80.4%
1969
Gary Nolan
79.6%
1954
Wally Post
79.2%
1955
Wally Post
79.2%
1956
Wally Post
79.2%
1957
Wally Post
79.2%
1961
Wally Post
79.2%
1963
Leo Cardenas
78.1%
1964
Leo Cardenas
78.1%
1965
Leo Cardenas
78.1%
1966
Leo Cardenas
78.1%
1967
Leo Cardenas
78.1%
1968
Leo Cardenas
78.1%
1962
Johnny Edwards
77.8%
1963
Johnny Edwards
77.8%
1964
Johnny Edwards
77.8%
1965
Johnny Edwards
77.8%
1967
Johnny Edwards
77.8%
1970
Bernie Carbo
74.8%
1955
Ed Bailey
72.7%
1957
Ed Bailey
72.7%
1958
Ed Bailey
72.7%
1959
Ed Bailey
72.7%
1960
Ed Bailey
72.7%
1961
Ed Bailey
72.7%
1952
Roy McMillan
71.8%
1953
Roy McMillan
71.8%
1954
Roy McMillan
71.8%
1955
Roy McMillan
71.8%
1956
Roy McMillan
71.8%
1957
Roy McMillan
71.8%
1958
Roy McMillan
71.8%
1959
Roy McMillan
71.8%
1960
Roy McMillan
71.8%
1953
Johnny Temple
71.5%
1954
Johnny Temple
71.5%
1955
Johnny Temple
71.5%
1956
Johnny Temple
71.5%
1957
Johnny Temple
71.5%
1958
Johnny Temple
71.5%
1959
Johnny Temple
71.5%
1961
Jim O'Toole
71.1%
1963
Jim O'Toole
71.1%
1965
Jim O'Toole
71.1%
1961
Gordy Coleman
70.3%
1962
Gordy Coleman
70.3%
1963
Gordy Coleman
70.3%
1964
Gordy Coleman
70.3%
1965
Gordy Coleman
70.3%
1966
Gordy Coleman
70.3%
1970
Jim Merritt
70.1%
1962
Joey Jay
69.9%
1956
Joe Nuxhall
68.5%
Year
Player
% Correct
1969
Woody Woodward
68.3%
1962
Tommy Harper
66.9%
1963
Tommy Harper
66.9%
1965
Tommy Harper
66.9%
1966
Tommy Harper
66.9%
1967
Tommy Harper
66.9%
1959
Bob Purkey
65%
1968
Milt Pappas
61.3%
1960
Billy Martin
60.4%
1961
Gene Freese
60.4%
1963
Gene Freese
60.4%
1962
Don Blasingame
60.2%
1956
Smoky Burgess
59.4%
1957
Don Hoak
59.2%
1958
Don Hoak
59.2%
1966
Sammy Ellis
58.1%
1960
Eddie Kasko
56.8%
1961
Eddie Kasko
56.8%
1962
Eddie Kasko
56.8%
1968
Don Pavletich
55.9%
1951
Ewell Blackwell
55.2%
1959
Frank Thoma
54.6%
1951
Bobby Adams
53.2%
1952
Bobby Adams
53.2%
1953
Bobby Adams
53.2%
1954
Bobby Adams
53.2%
1959
Jerry Lynch
52.5%
1962
Jerry Lynch
52.5%
1964
Chico Ruiz
51.6%
1958
Brooks Lawrence
50.6%
1953
Jim Greengrass
49.9%
1954
Jim Greengrass
49.9%
1955
Jim Greengrass
49.9%
1951
Joe Adcock
49.1%
1952
Joe Adcock
49.1%
1960
Tony Gonzalez
48.6%
1960
Jim Brosnan
48%
1955
Ray Jablonski
46.7%
1956
Ray Jablonski
46.7%
1951
Grady Hatton
46.6%
1952
Grady Hatton
46.6%
1951
Johnny Wyrostek
45%
1952
Johnny Wyrostek
45%
1964
Bob Skinner
44.9%
1952
Andy Seminick
44.8%
1954
Andy Seminick
44.8%
1966
Don Paveletich
41.8%
1957
Johnny Klippstein
41.6%
1953
Bud Podbielan
40.9%
1954
Bud Podbielan
40.9%
1961
Jim Baumer
40.6%
1952
Herm Wehmeier
40%
1958
Steve Bilko
40%
1951
Virgil Stallcup
38.5%
1955
Art Fowler
38.2%
1953
Hobie Landrith
37.4%
1953
Willard Marshall
36.7%
1951
Bob Usher
35.6%
1952
Bob Borkowski
35.5%
1951
Bob Scheffing
33.9%
Quiz Playlist
Details
Report
Send in Message
Add To Playlist
Classic:
Type in answers that appear in a list
Last Updated: Mar 15, 2017
Quiz Scoreboard
CHALLENGE
Sign Up to Join the Scoreboard
Show All
Scores
Hide
Comments
May contain spoilers
Recently Published
5x2 Blitz: Bands
by SL_Kpop136
Music
30s
Colored Red Africa Blitz
by spor1
Geography
30s
Find the 'City' Movie
by crazypaving
Movies
60s
More to Explore
Quiz From the Vault
Featured Blog Post
14 Easter Pick-up Lines to Find Eggs With
hide this ad
You Might Also Like...
Tags
Football Quiz
1951
1970s
cincinnati
Cincinnati Reds
Player
Red
Today's Top Quizzes in Sports
Browse Sports
hide this ad
Today's Top Quizzes in Football
Browse Football
Top Contributed Quizzes in Sports
1
Les entraîneurs de l'OM et du PSG au 21e siècle
2
Les meilleurs buteurs des matchs entre le PSG et l’OM
3
Les joueurs passés par le PSG et l'OM
4
Players with Multiple 50 Home Run Seasons
5
2022 World Cup Stars
6
Criteria MLB: Left Handed Sluggers
7
NBA Logic Puzzle 2.0
8
MLB Players with Two .350 Batting Average Seasons
9
Top 10 NHL Goal Scorers of All Time
10
Les joueurs passés par le LOSC et le RC Lens
Explore More
Trending Topics
Harry Potter
Crossword
Disney
Marvel
NBA
Anime
Kpop
Soccer
The Office
NFL
Puzzle
Country
WWE
Pokémon
Song
hide this ad
More By:
lineupquizzes
Quiz
Plays
Rating
Category
Featured
Created
Opening Day Lineups: Red Sox
161,298
4.46
Sports
Apr 23, 2010
Opening Day Lineups: Braves
146,489
4.52
Sports
Dec 17, 2009
Opening Day Lineups: Mets
121,920
4.53
Sports
Feb 3, 2010
Opening Day Lineups: Dodgers
93,327
4.34
Sports
Dec 17, 2009
Opening Day Lineups: Twins
81,952
4.51
Sports
May 4, 2010
Go to Creator's Profile
Score Distribution
Quiz Creator Spotlight
lineupquizzes
Follow
Send a Message
Quizzes Created
-
Created Quiz Play Count
-
More By This Creator
Popular Quizzes Today
1
Colored Red Africa Blitz
2
Find the 'City' Movie
3
Find the US States - No Outlines Minefield
4
5x2 Blitz: Bands
5
The Countries of the World
6
Find the US States
7
US States
8
Find the Countries of Europe - No Outlines Minefield
More Sports Quizzes
NFL MVPs
Published
Trending Quizzes
Colored Red Europe Blitz I
Colored Red Africa Blitz II
Colored Red Europe Blitz II
Colored Red Europe Blitz III
Colored Red Africa Blitz III
Recently Updated
How Do You Spell That?
pecheneg
Godzilla Movies
pecheneg
Grab Bag: 4-10 Letters
pecheneg
2024 March Madness Bracket
pecheneg
Famous TV Couples
Peacemaker
Champions League XIs: Real Madrid
pecheneg
Largest US Cities 1790-2010
pecheneg
Rides in Walt Disney World
pecheneg
Most Oscar Losses (Acting)
pecheneg
Beyoncé Albums
pecheneg
Trending Topics
Kpop
Harry Potter
Anime
Crossword
NBA
Disney
Marvel
Song
Pokémon
NFL
Soccer
Country
The Office
WWE
Puzzle
Your Account Isn't Verified!
In order to create a playlist on Sporcle, you need to verify the email address you used during registration. Go to your
Sporcle Settings
to finish the process.
Report this User
Report this user for behavior that violates our
Community Guidelines
.
Details:
Send Report
Go to the Sporcle.com Mobile Site →
Comments